Govt. of
Madhya Pradesh

Normal view MARC view

Entry Topical Term

Number of records used in: 1

001 - CONTROL NUMBER

  • control field: 75688

003 - CONTROL NUMBER IDENTIFIER

  • control field: OSt

005 - DATE AND TIME OF LATEST TRANSACTION

  • control field: 20190629152816.0

008 - FIXED-LENGTH DATA ELEMENTS

  • fixed length control field: 190629|| aca||aabn | a|a d

040 ## - CATALOGING SOURCE

  • Original cataloging agency: OSt
  • Transcribing agency: OSt

150 ## - HEADING--TOPICAL TERM

  • Topical term or geographic name entry element: Environment

670 ## - SOURCE DATA FOUND

  • Source citation: Work cat.: (OSt): Bharose, Ram & Jahanara 75687, Climate Change and Environment , 2017